Normal view
MARC view
Entry Personal Name
001 - CONTROL NUMBER
- control field: 33822
003 - CONTROL NUMBER IDENTIFIER
- control field: ARRUPE
005 - DATE AND TIME OF LATEST TRANSACTION
- control field: 20170728094443.0
008 - FIXED-LENGTH DATA ELEMENTS
- fixed length control field: 170728|| aca||aabn | a|a d
040 ## - CATALOGING SOURCE
- Original cataloging agency: ARRUPE
- Transcribing agency: ARRUPE
100 ## - HEADING--PERSONAL NAME
- Personal name: Truitt, Willis H.,
- Relator term: joint comp.
670 ## - SOURCE DATA FOUND
- Source citation: Work cat.: (ARRUPE)30941: Gould, James A., 1922- comp. 33821, Existentialist philosophy,, [1973]